000 00504nam a2200181Ia 4500
001 4858
005 20260306145825.0
008 260306t2011||||xx |||||||||||||| ||spa||
041 _aESP
082 _a330.985
_bC235 FEBRERO
100 _aCentro Nacional de Planemiento Estratégico
_eAUT
245 0 _aPlan bicentenario:
_bel Perú hacia el 2021. Presentando al acuerdo nacional
260 _c2011
300 _a249 páginas :
_c28 cm.
650 _aGEN
654 _aCAN
942 _cLIB
_dJUS
_fJUS
_2ddc
_n
999 _c4858
_d4858